000 00652cab a2200229 4500
001 ABS39322
008 090401t1988 xxu||||| |||| 00| 0 eng d
035 _a(Sirsi) u15926
041 _aeng
100 _aMadge, N.
245 4 _aThe Housing Bill - a radical but retrograde regime
260 _c1988
350 _a0
490 _aNew Law Journal
_v138(6362) 24 June 1988, 436-437(2)
520 _aCritical review of the main provisions of the Housing Bill .
650 _aASSURED SHORTHOLD TENANCIES
650 _aASSURED TENANCIES
650 _aSECURE TENANCIES
690 _aBlock management
_96220
942 _n0
948 _c04/03/1997
999 _c10487
_d10487